| 000 | 00399nam a2200145Ia 4500 | ||
|---|---|---|---|
| 008 | 231129s1993||||xx |||||||||||||| ||spa|| | ||
| 020 | _a958-601-442-8 | ||
| 040 | _bspa | ||
| 082 | _a658.02 P361c | ||
| 100 | _aPearson Barrie | ||
| 245 | 0 | _aComo manejar y hacer dinero con su propia empresa | |
| 260 | _c1993 | ||
| 264 | _aEdiciones Macchi | ||
| 942 |
_2ddc _cBKS |
||
| 999 |
_c7614 _d7614 |
||